Confessions
Gorde:
| Egile nagusia: | |
|---|---|
| Formatua: | Liburua |
| Hizkuntza: | Undetermined |
| Argitaratua: |
New York
Alfred A. Knopf
1992
|
| Gaiak: | |
| Etiketak: |
Etiketa erantsi
Etiketarik gabe, Izan zaitez lehena erregistro honi etiketa jartzen!
|
| Thư viện lưu trữ: | Trung tâm Học liệu Trường Đại học Cần Thơ |
|---|
| LEADER | 00516nam a2200169Ia 4500 | ||
|---|---|---|---|
| 001 | CTU_32690 | ||
| 008 | 210402s9999 xx 000 0 und d | ||
| 082 | |a 848.509 | ||
| 082 | |b R864 | ||
| 100 | |a Jean-Jacques Rousseau | ||
| 245 | 0 | |a Confessions | |
| 245 | 0 | |c Jean-Jacques Rousseau | |
| 260 | |a New York | ||
| 260 | |b Alfred A. Knopf | ||
| 260 | |c 1992 | ||
| 650 | |a authors, french - 18th century - biography,rousseau, jean-jacques, 1712-1778 - biography | ||
| 980 | |a Trung tâm Học liệu Trường Đại học Cần Thơ | ||